000 00268nam a22001217a 4500
008 170314b xxu||||| |||| 00| 0 eng d
041 _aeng
080 _a611
100 _a7
101 _aSHM
245 _aMEDICAL PHYSIOLOGY AND BIOPHYSICS
_cFULTON.R
942 _2udc
_cBK
999 _c7748
_d7748